=LDR 00000nam 2200000 4500 =001 INLIS000000000050028 =005 20200330013942 =035 ##$$a 0010-041700000000218 =008 200330################g##########0#ind## =020 ##$$a 978-979-3407-14-2 =040 ##$$a NBPDMAT =082 ##$$a 297.8 =090 ##$$a 297.8 $bAlj f =100 ##$$a Khalid Al-Juraisi =245 1#$$a Fatwa-fatwa terkini 3 /$c Khalid Al-Juraisi ; penerjemah, Musthofa Aini, Lc., Hanif Yahya, Lc., Amir Hamzah =250 ##$$a Cet. 8 =260 ##$$a Jakarta :$b Darul Haq,$c 2016 =300 ##$$a xx, 716 hlm. ; $c 25 x 17 cm. =650 #4$$a Fatwa =850 ##$$a NBPDMAT =084 ##$$a 297.8 KHA f =700 #$$a Musthofa Aini =700 #$$a Hanif Yahya =700 #$$a Amir Hamzah =520 ##$$a Judul asli, Al-Fatawa asy- syar'iyyah fi al-masa 'il al-'ashriyyah min fatawa ulama' al-balad al-haram =990 ##$$a 31700689 =990 ##$$a 31700690